| 000 | 00591nam a2200193 4500 | ||
|---|---|---|---|
| 999 |
_c165076 _d165076 |
||
| 005 | 20190606113959.0 | ||
| 010 | _aENG-125491 | ||
| 020 |
_a9789350701089 _c995.00 |
||
| 035 | _aEN-109023 | ||
| 037 | _bDBAD/PUB | ||
| 082 | _a954 | ||
| 100 | _aDeshmukh, Ajay P. | ||
| 245 |
_aHeritage of India / _cby Ajay P. Deshmukh |
||
| 260 |
_aAhmedabad _bShanti Prakashan _c2019 |
||
| 270 |
_aD-19/220, Nandanvan Apartment, Nava Vadaj _bAhmedabad _e380013 |
||
| 300 |
_a623p. _c22cm(pbk) |
||
| 500 | _aIncludes bibliographical references and index | ||
| 942 |
_2ddc _cEN _h954 _kDES |
||